Normal view
MARC view
- قانون وتشريعات - اليمن - القانون المقارن - القانون الدولي الخاص
Entry Topical Term
001 - CONTROL NUMBER
- control field: 47367
003 - CONTROL NUMBER IDENTIFIER
- control field: JO-AjAnu
005 - DATE AND TIME OF LATEST TRANSACTION
- control field: 20230606081824.0
008 - FIXED-LENGTH DATA ELEMENTS
- fixed length control field: 230606|| aca||aabn | a|a d
040 ## - CATALOGING SOURCE
- Original cataloging agency: JO-AjAnu
- Transcribing agency: JO-AjAnu
150 ## - HEADING--TOPICAL TERM
- Topical term or geographic name entry element: قانون وتشريعات - اليمن - القانون المقارن - القانون الدولي الخاص
670 ## - SOURCE DATA FOUND
- Source citation: Work cat.: (JO-AjAnu)24240: عطروش، عبد الحكيم محسن, author 47366, أحكام القانون الدولي الخاص في القانون اليمني والقانون المقارن